000 00287nam a22001337a 4500
008 170418b xxu||||| |||| 00| 0 eng d
020 _a2900716710072
041 _aeng
080 _a573
100 _a11
101 _aSHM
245 _aBIOLOGY OF PLANTS
_cRAVEN, P.H
942 _2udc
_cBK
999 _c11038
_d11038